THE FOREST OF ENCHANTMENTS (Record no. 7947)

MARC details
000 -LEADER
fixed length control field 00230nam a22001097a 4500
020 ## - INTERNATIONAL STANDARD BOOK NUMBER
ISBN 9789353573577
082 ## - DEWEY DECIMAL CLASSIFICATION NUMBER
Classification number 200
100 ## - MAIN ENTRY--AUTHOR NAME
Personal name DIVAKARUNI, BANERJEE CHITRA
245 ## - TITLE STATEMENT
Title THE FOREST OF ENCHANTMENTS
300 ## - PHYSICAL DESCRIPTION
Number of Pages 360P
942 ## - ADDED ENTRY ELEMENTS (KOHA)
Koha item type Books
Holdings
Home library Current library Shelving location Date acquired Cost, normal purchase price Full call number Accession Number Koha item type
Beautiful Minds Library Beautiful Minds Library General Stacks 28/06/2023 399.00 200 DIV E3433 Books
analytics